000 00786nam a2200229 4500
001 137983
003 ES-MaACL
005 20230906195500.0
007 t|
008 070214s1971 sp r ||||1| spa d
100 1 _aSánchez-Gijón, Antonio.
_9102670
245 1 0 _aEnsayo sobre política exterior española /
_cAntonio Sánchez-Gijón ; introducción de Mariano Aguilar Navarro.
260 _aMadrid :
_bCuadernos para el Diálogo,
_c1971.
300 _a50 p. ;
_c27 cm.
490 1 _aLos suplementos ;
_v20
651 _aEspaña-
_xPolítica exterior-
_y1939-1975.
_98425
700 1 _aAguilar Navarro, Mariano.
_918740
710 2 _aCuadernos para el Diálogo.
_93333
830 1 _aLos suplementos ;
_v20
_9181306
852 _aES-MaACL
_j2076-F-20
999 _c137983
_d137983